Rozpoznaj trenera po zdjęciu #3 - Statystyki

Ogólne statystyki
  • Ten quiz został rozwiązany 210 razy
  • Średni wynik to 10 z 16
Statystyki odpowiedzi
Obrazkowy Odpowiedź % Poprawnych
Adam Nawałka
92%
Jurgen Klopp
92%
Czesław Michniewicz
89%
Fernando Santos
86%
Diego Simeone
85%
Hansi Flick
83%
Xabi Alonso
82%
Thomas Tuchel
75%
Antonio Conte
74%
Didier Deschamps
68%
Unai Emery
61%
Adrian Siemieniec
51%
Henryk Kasperczak
20%
Fabio Capello
18%
Paulo Fonseca
15%
Marcello Lippi
10%
Nie znaleziono quizów pasujących do podanych kryteriów
Rozkład punktacji
Procent ludzi z każdym wynikiem
Percentyl według liczby udzielonych odpowiedzi
Twoja historia wyników
Nie rozwiązałeś tego quizu